Vista normal
Vista MARC
Entrada Meeting Name
Número de registros utilizados en: 1
001 - CONTROL NUMBER
- control field: 41332
003 - CONTROL NUMBER IDENTIFIER
- control field: OSt
005 - DATE AND TIME OF LATEST TRANSACTION
- control field: 20211028143624.0
008 - FIXED-LENGTH DATA ELEMENTS
- fixed length control field: 211028|| aca||aabn | a|a d
040 ## - CATALOGING SOURCE
- Original cataloging agency: OSt
- Transcribing agency: OSt
111 ## - HEADING--MEETING NAME
- Meeting name or jurisdiction name as entry element: Seminario sobre la organización y administración del Planeamiento
- Date of meeting or treaty signing: (6-14 de julio de 1965 :
- Location of meeting: Santiago de Chile)
670 ## - SOURCE DATA FOUND
- Source citation: Work cat.: (OSt)8668: 17941, Discusiones sobre planificación / , 1983